000 00550nam a22001817a 4500
005 20180731170047.0
010 _aB-107641
020 _a007053277X
035 _aB-107641
037 _bTata McGraw-Hill Publishing Company Limited
082 _a005.43
100 _aSimmons, Curt
245 _aA+ Technician's on-the-job guide to windows XP
_cCurt Simmons
260 _aNew Delhi
_bTata McGraw-Hill Publishing Company Limited
_c2003
300 _a564p.
_c24cm.(pbk)
942 _2ddc
_cEN
_h005.43
_mSIM
999 _c155218
_d155218